000 01394nam0a2200337 4500
001 RU\NLR\bibl\1421885
005 20250615214756.0
010 _a978-5-7474-0336-9
_9100
021 _aRU
_b2009-62281
_93840
035 _a(NLR Aleph) 001413825
090 _a1299377
_c1299377
100 _a20091009d2009 |||y0rusy50 ca
101 0 _arus
102 _aRU
105 _aac |||||||||
200 1 _aЭнергосберегающие и экологические системы и оборудование
_eантикризисные меры
_fА.Д. Корнеев
210 _aМосква
_cВоентехиниздат
_d2009
215 _a88 с.
_cил., портр.
_d30
313 _aв биотехнологии
320 _aБиблиогр.: с. 87-88 (45 назв.)
606 1 _aБиотехнология
_xЭкологические основы
_92284726
_3RU\NLR\auth\661368644
606 1 _aБиотехнология
_xЭкономия электроэнергии
_92401547
_3RU\NLR\auth\661431497
606 1 _aБиотехнологические заводы
_xОборудование
_92572088
_3RU\NLR\auth\661520954
686 _aЛ67
700 1 _aКорнеев
_bА. Д.
_gАлександр Дмитриевич
_4070
801 0 _aRU
_bNLR
_c20091009
_gRCR
801 1 _aRU
_bNLR
_c20091009
942 _cBOOK
980 _aNB